00313nam a2200121Ia 4500008004100000041000800041082001300049100002500062245004500087260002700132300002300159365000900182240624s9999 xx 000 0 und d aeng a332 KIR  aKIECHGASSNER GEBHARD aINTRODUCTION TO MODERN TIME SERIES ANALY c2008aLondonbSpringer aix, 274 p,: 23 cm. cb38